zpět

Detail výsledku týmu

Bar U Souseda, Plzeň

Datum a čas kvízu

25.5 Celkem bodů Celkový počet nahraných bodů na tomto kvízu bez doplňovacích otázek.
8. Pořadí na kvízu Konečné umístění týmu na tomto kvízu.

Zaznamenané odpovědi

# Otázka Odpověď Body Výsledky
1. Česká armáda se minulý týden r... Jak-40 0
2. V belgickém městě Verviers se... srdce 0
3. Poté, co očekávaný hollywoodsk... Mulan 1
4. Automobilka Škoda minulé úterý... Enyaq 0
5. Tenistka Karolína Muchová pora... Venus Williamsová 0
6. „Arktida přinutí člověka, aby... Robert Peary 0
7. Jedním z nejvýznamnějších obje... James Clark Ross 0
8. „Svět kolem mne byl tak laskav... Annapurna 0
9. Roku 1938 byla poprvé pokořena... Heinrich Harrer, Sedm let v Tibetu 0.5
10. Podmořští výzkumníci Jacques P... batyskaf 1